000 00358nam a2200133Ia 4500
008 220204s9999 xx 000 0 und d
082 _a339.138:629.113
_bRAG;1
245 0 _aAutomobile market of India: Basic statistics
260 _aCalcutta
_bSaroja & Shanti
_c1984
650 _aAutomobile markets
700 _aRAGHAVAN
700 _aSAROJA
942 _cBK
999 _c38814
_d38814